| 000 -LEADER |
| fixed length control field |
00491nam a2200169Ia 4500 |
| 008 - FIXED-LENGTH DATA ELEMENTS--GENERAL INFORMATION |
| fixed length control field |
181130s2018 xx 000 0 und d |
| 100 ## - MAIN ENTRY--PERSONAL NAME |
| Personal name |
Callahan, Jamie L. |
| 245 ## - TITLE STATEMENT |
| Title |
The retrospective (im) moralization of self-plagiarism: |
| Remainder of title |
power interests in the social construction of new norms for publishing |
| 260 ## - PUBLICATION, DISTRIBUTION, ETC. |
| Date of publication, distribution, etc. |
2018 |
| 300 ## - PHYSICAL DESCRIPTION |
| Extent |
p.305-319. |
| 504 ## - BIBLIOGRAPHY, ETC. NOTE |
| -- |
May |
| 650 ## - SUBJECT ADDED ENTRY--TOPICAL TERM |
| Topical term or geographic name entry element |
Piracy |
| 650 ## - SUBJECT ADDED ENTRY--TOPICAL TERM |
| Topical term or geographic name entry element |
Plagiarism |
| 650 ## - SUBJECT ADDED ENTRY--TOPICAL TERM |
| Topical term or geographic name entry element |
Publishing |
| 773 ## - HOST ITEM ENTRY |
| Main entry heading |
Organization |
| 906 ## - LOCAL DATA ELEMENT F, LDF (RLIN) |
| a |
Publishing |